000 00545nam a2200205Ia 4500
005 20260429112116.0
008 260429s9999||||xx |||||||||||||| ||und||
020 _a9781032488493
041 _aEnglish
082 _a620.004
_bHUS
100 _aHuston, Dryver R.
245 0 _aSelf-healing structures, machines, and systems /
_cDryver R. Huston
250 _a1st ed.
260 _aBoca Raton :
_bCRC Press,
_c2026.
300 _avii, 469 p.; hb
650 _a Self-healing
650 _a Structures
650 _aMachines
942 _cTB
999 _c52401
_d52401